| 000 | 005600000a22002050004500 | ||
|---|---|---|---|
| 003 | LK-CoMWRAF | ||
| 005 | 20231022130315.0 | ||
| 008 | 230817t2002 ||||| |||| 00| 0 eng d | ||
| 020 | _a9559792601 | ||
| 040 |
_aLK-CoMWRAF _dLK-CoMWRAF _eLK-CoMWRAF |
||
| 041 | _aeng | ||
| 082 |
_a287 _bFER |
||
| 100 | _aFernando, Hilary Ryan | ||
| 245 |
_aTrust and Obey: _bTen Simple Sermons for Everyday Living (Volume 1) |
||
| 260 |
_b[Dehiwala]: _a[DCL printers], _c2002 |
||
| 300 | _a84 p. | ||
| 650 | _aMETHODIST CHURCH | ||
| 650 | _aSermons, Christian | ||
| 942 | _cBK | ||
| 999 |
_c806 _d806 |
||